000 00697cam a22002052 4500
001 0000023494
005 20151021151147.0
008 130124s xx 000 0 eng d
020 _a9966777741
040 _aKABU
_cKABU
100 1 _aOnyango, Christopher Hugh.
_@0000182924
245 1 0 _aLiberalization of services and its implications on agricultural trade in Eastern Africa region /
_cChristopher Hugh Onyango.
250 _a1st ed.
260 _aNairobi :
_bKippra,
_c2010.
300 _av, 33 p.
650 0 _aAgricultural industries and trade
_zAfrica, Eastern.
_@0000182925
908 _a130124
950 _@1
999 _c1352
_d1352